000 00308nam a22001337a 4500
008 170406b xxu||||| |||| 00| 0 eng d
020 _a0721659519
041 _aeng
080 _25 ED
_a616.15
100 _a9
101 _aSHM
245 _aHEMATOLOGY OF INFANCY AND CHILDHOOD
_cNATHAN.D.G
942 _2udc
_cBK
999 _c9916
_d9916